000 01402nam a2200349 i 4500
003 EG-GICUC
005 20260121101426.0
008 251203s1999 ua ||||fr|||| 000 0 ara d
017 _a97/7682
020 _a977-04-2024-7
040 _a EG-GICUC
_bara
_c EG-GICUC
_d EG-GICUC
_erda
041 _aara
082 0 4 _221
_a343.397
_bه ل . ح
092 0 4 _221
099 _aLaw1 10 343.397 ه ل . ح 1999
100 0 _aهلالي عبدالاه احمد
_eمؤلف.
245 1 0 _aحجية المخرجات الكمبيوترية في المواد الجنائية :
_bدراسة مقارنة /
_cهلالي عبدالاه احمد.
264 3 _aالقاهرة :
_bالنسر الذهبي للطباعة,
_c1999.
300 _a188 صفحة ؛
_c24 سم
336 _2rda content
_atext
337 _2rda media
_aComputer
338 _2rda carrier
_aOnline Resource
504 _a. 184-165ببليوجرافيا: صفحات.
546 _aالنص أغلبه باللغة العربية بعض النصوص الإنجليزية والفرنسية
650 1 4 _aالوسائل العلمية الحديثة والإثبات الجنائي
_2qrmak
650 1 4 _aالإثبات الجنائي
650 1 4 _aحجية الأحكام الجنائية
651 1 _2qrmak
856 4 0 _uhttps://fll.law.cu.edu.eg/fulltext/bks/B10-06957.pdf
905 _a5
_eHassnaa
942 _2ddc
_cBK
_e21
_n0
999 _c48163
_d48163